000 00674nam a2200193 i 4500
001 64318
003 ES-MaACL
005 20251218175757.0
007 t|
008 031223s1954 sp ||||1| spa d
100 1 _aFlores de Lemus, Isabel
_951278
245 1 0 _aEsta es la Inmaculada:
_bvida de la Virgen María, madre de Dios /
_cIsabel Flores de Lemus ; prólogo por Juan Prado, redentorista.
260 _aMadrid :
_bEl Perpetuo Socorro,
_c1954 (
_fImago)
300 _aXXII, 271 p., 8 lám. :
_bil, map. ;
_c25 cm.
600 0 4 _aVirgen María
_9115436
700 1 _aPrado, Juan,
_d1897-1978
_9171437
852 _aES-MaACL
_jC-9472
999 _c64318
_d64318